000 01217nam a2200253 u 4500
001 000657980
003 AM-YeHGA
005 20250618073458.0
008 090513s1985 ||||||||||||||||||||rus|c
040 _aAM-YeHGA
041 0 _arus
245 0 0 _aЖивотноводство :
_bУчебник для с.-х. вузов /
_cЕ.А. Арзуманян, А.П. Бегучев, В.И. Георгиевич и др. ; Под ред. Е.А. Арзуманяна.
250 _a3-е изд., перераб. и доп.
260 _aМосква :
_bАгропромиздат,
_c1985.
300 _a448 с. :
_bил. ;
_c22 см.
440 0 _aУчебники и учебные пособия для высших сельскохозйственных учебных заведений
500 _aПодстр. примеч.
650 1 4 _aЖивотноводство
650 1 4 _aСельскохозяйственные животные
700 1 _aԱրզումանյան, Երվանդ Ավանեսի,
_d1909-1991
_eавт., ред.
_4aut
_4edt
_9979
700 1 _aБегучев, Алексей Петрович
700 1 _aГеоргиевский, Валерий Иванович
090 _c241094
999 _c239519
_d239519